Cyclisme : Cyclistes Belges en WT et ProTeam saison 2025 - Statistiques

Statistiques générales
  • Ce quiz a été pris 67 fois
  • Le résultat moyen est 35 sur 130
Statistiques - réponses
Hint Réponse % Correct
Team Visma | Lease a Bike Wout VAN AERT
94%
Alpecin-Deceuninck Jasper PHILIPSEN
92%
Soudal - Quick Step Remco EVENEPOEL
88%
Lotto Arnaud DE LIE
80%
Team Visma | Lease a Bike Tiesj BENOOT
78%
UAE Team Emirates - XRG Florian VERMEERSCH
72%
Decathlon AG2R La Mondiale Team Oliver NAESEN
72%
UAE Team Emirates - XRG Tim WELLENS
72%
Lotto Brent VAN MOER
70%
Alpecin-Deceuninck Gianni VERMEERSCH
70%
INEOS Grenadiers Laurens DE PLUS
68%
Lidl - Trek Jasper STUYVEN
64%
Soudal - Quick Step Ilan VAN WILDER
62%
Cofidis Dylan TEUNS
60%
Red Bull - BORA - hansgrohe Maxim VAN GILS
60%
Arkéa - B&B Hotels Amaury CAPIOT
56%
Soudal - Quick Step Tim MERLIER
56%
Team Visma | Lease a Bike Victor CAMPENAERTS
56%
TotalEnergies Steff CRAS
54%
Soudal - Quick Step Yves LAMPAERT
54%
Red Bull - BORA - hansgrohe Jordi MEEUS
50%
Cofidis Milan FRETIN
50%
Decathlon AG2R La Mondiale Team Dries DE BONDT
48%
Soudal - Quick Step Louis VERVAEKE
48%
Lidl - Trek Edward THEUNS
46%
Alpecin-Deceuninck Jonas RICKAERT
46%
Alpecin-Deceuninck Quinten HERMANS
46%
Intermarché - Wanty Gerben THIJSSEN
44%
Arkéa - B&B Hotels Jenthe BIERMANS
44%
Intermarché - Wanty Laurenz REX
44%
Lotto Lennert VAN EETVELT
44%
Cofidis Piet ALLEGAERT
40%
Lidl - Trek Thibau NYS
40%
Lidl - Trek Tim DECLERCQ
40%
Cofidis Aimé DE GENDT
38%
Soudal - Quick Step Mauri VANSEVENANT
38%
Decathlon AG2R La Mondiale Team Stan DEWULF
38%
Soudal - Quick Step Bert VAN LERBERGHE
36%
Intermarché - Wanty Kobe GOOSSENS
36%
Decathlon AG2R La Mondiale Team Sander DE PESTEL
36%
Alpecin-Deceuninck Xandro MEURISSE
36%
Team Visma | Lease a Bike Cian UIJTDEBROEKS
34%
Lotto Jasper DE BUYST
34%
Alpecin-Deceuninck Edward PLANCKAERT
32%
Cofidis Sylvain MONIQUET
32%
Intermarché - Wanty Arne MARIT
30%
Alpecin-Deceuninck Emiel VERSTRYNGE
30%
Decathlon AG2R La Mondiale Team Gianluca POLLEFLIET
30%
Team Visma | Lease a Bike Tosh VAN DER SANDE
30%
UAE Team Emirates - XRG Rune HERREGODTS
28%
Lotto Alec SEGAERT
26%
Soudal - Quick Step Ayco BASTIAENS
26%
Soudal - Quick Step Dries VAN GESTEL
26%
Arkéa - B&B Hotels Laurens HUYS
26%
Lidl - Trek Otto VERGAERDE
26%
Soudal - Quick Step Pieter SERRY
26%
Alpecin-Deceuninck Robbe GHYS
26%
Q36.5 Pro Cycling Team Frederik FRISON
24%
Team Visma | Lease a Bike Julien VERMOTE
24%
Soudal - Quick Step Junior LECERF
22%
Alpecin-Deceuninck Stan VAN TRICHT
22%
Intermarché - Wanty Tom PAQUOT
22%
Intermarché - Wanty Vito BRAET
22%
Lotto Cedric BEULLENS
20%
Soudal - Quick Step Jordi WARLOP
20%
Intermarché - Wanty Luca VAN BOVEN
20%
Alpecin-Deceuninck Simon DEHAIRS
20%
Soudal - Quick Step Warre VANGHELUWE
20%
Soudal - Quick Step Gil GELDERS
18%
Q36.5 Pro Cycling Team Harm VANHOUCKE
18%
Cofidis Ludovic ROBEET
18%
Team Picnic PostNL Robbe DHONDT
18%
Alpecin-Deceuninck Timo KIELICH
18%
Intermarché - Wanty Dries DE POOTER
16%
Lotto Jenno BERCKMOES
16%
Lotto Sébastien GRIGNARD
16%
Bahrain - Victorious Vlad VAN MECHELEN
16%
Lotto Arjen LIVYNS
14%
Alpecin-Deceuninck Jimmy JANSSENS
14%
Lotto Lionel TAMINIAUX
14%
Wagner Bazin WB Loïc VLIEGEN
14%
Israel - Premier Tech Tom VAN ASBROECK
14%
Alpecin-Deceuninck Fabio VAN DEN BOSSCHE
12%
Lotto Jarne VAN DE PAAR
12%
Lotto Lars CRAPS
12%
Lotto Liam SLOCK
12%
Unibet Tietema Rockets Davide BOMBOI
10%
Intermarché - Wanty Gerben KUYPERS
10%
Intermarché - Wanty Kamiel BONNEU
10%
Lotto Milan MENTEN
10%
Alpecin-Deceuninck Ramses DEBRUYNE
10%
Team Flanders - Baloise Victor VERCOUILLIE
10%
Wagner Bazin WB Ceriel DESAL
8%
Wagner Bazin WB Floris DE TIER
8%
Intermarché - Wanty Gijs VAN HOECKE
8%
Wagner Bazin WB Jens REYNDERS
8%
Wagner Bazin WB Johan MEENS
8%
Unibet Tietema Rockets Lander LOOCKX
8%
Lotto Robin ORINS
8%
Lotto Steffen DE SCHUYTENEER
8%
Team Flanders - Baloise Vincent VAN HEMELEN
8%
Wagner Bazin WB Jelle VERMOOTE
6%
Team Flanders - Baloise Jonas GEENS
6%
Team Flanders - Baloise Lindsay DE VYLDER
6%
Wagner Bazin WB Louka MATTHYS
6%
Wagner Bazin WB Sasha WEEMAES
6%
Team Flanders - Baloise Siebe DEWEIRDT
6%
Team Flanders - Baloise Tom CRABBE
6%
Team Flanders - Baloise Alex COLMAN
4%
Team Flanders - Baloise Elias MARIS
4%
Team Flanders - Baloise Jasper DEJAEGHER
4%
Team Flanders - Baloise Jules HESTERS
4%
Lotto Lorenz VAN DE WYNKELE
4%
Team Flanders - Baloise Milan LANHOVE
4%
Team Flanders - Baloise Tuur DENS
4%
Team Flanders - Baloise Aaron VAN POUCKE
2%
Unibet Tietema Rockets Abram STOCKMAN
2%
Wagner Bazin WB Axandre VAN PETEGEM
2%
Team Flanders - Baloise Brem DEMAN
2%
Team Flanders - Baloise Dylan VANDENSTORME
2%
Lotto Henri VANDENABEELE
2%
Wagner Bazin WB Michiel LAMBRECHT
2%
Team Novo Nordisk Quinten DE GRAEVE
2%
Team Flanders - Baloise Toon CLYNHENS
2%
Team Flanders - Baloise Vince GERITS
2%
Team Flanders - Baloise Ward VANHOOF
2%
Wagner Bazin WB Léander VAN HAUTEGEM
0%
Wagner Bazin WB Luca DE MEESTER
0%
Team Flanders - Baloise Noah VANDENBRANDEN
0%
Team Flanders - Baloise Yenti VANDEVELDE
0%
Aucun quiz correspondant
Distribution des résultats
% des personnes avec chaque résultat
Percentile par nombre de réponses
Votre historique - résultats
Vous n’avez pas pris ce quiz